The Top 30 Best Steal a Brainrot Characters - Statistics

General Stats
  • This quiz has been taken 156 times
    12 since last reset
  • The average score is 9 of 30
Answer Stats
Produces Answer % Correct
600 Million/s Meowl
86%
750 Million/s Strawberry Elephant
86%
450 Million/s Skibidi Toilet
71%
250 Million/s Dragon Cannelloni
57%
350 Million/s Dragon Gingerini
57%
300 Million/s Hydra Dragon Cannelloni
57%
160 Million/s Capitano Moby
43%
400 Million/s Griffin
43%
550 Million/s Headless Horseman
43%
125 Million/s La Secret Combinasion
43%
225 Million/s Love Love Bear
43%
175 Million/s Celestial Pegasus
29%
175 Million/s Cerberus
29%
155 Million/s Cooki and Milki
29%
200 Million/s Digi Narwhal
29%
130 Million/s Fortunu and Cashuru
29%
200 Million/s La Supreme Combinasion
29%
110 Million/s Los Sekolahs
29%
165 Million/s Rosey and Teddy
29%
150 Million/s Arcadragon
14%
170 Million/s Bunny and Eggy
14%
150 Million/s Burguro and Fryuro
14%
130 Million/s Los Amigos
14%
170 Million/s Popcuru and Fizzuru
14%
115 Million/s Foxini Lanternini
0%
185 Million/s Hydra Bunny
0%
115 Million/s Kalika Bros
0%
145 Million/s Ketupat Bros
0%
125 Million/s Pancake and Syrup
0%
144 Million/s Reinito Sleighito
0%
No matching quizzes found
Score Distribution
Percent of People with Each Score
Percentile by Number Answered
Your Score History
You have not taken this quiz since the last reset